000 01043cam a22003371i 4500
001 016560452
003 EG-ScBUE
005 20250113154656.0
008 131204t2014 enka f b 001 0 eng d
020 _a9781292039718
020 _a129203971X
040 _aUk
_beng
_erda
_cUk
_dEG-ScBUE
082 0 4 _a523.1
_bRYD
_222
100 1 _aRyden, Barbara Sue,
_eauthor.
_937588
245 1 0 _aIntroduction to cosmology /
_cBarbara Ryden.
250 _aFirst edition.
250 _aPearson new international edition.
264 1 _aHarlow, England :
_bPearson Edutcation Limited,
_c[2014]
264 4 _cc2014
300 _aii, 256 pages :
_billustrations ;
_c28 cm.
336 _2rdacontent
_atext
_btxt
337 _aunmediated
_2rdamedia
_bn
338 _avolume
_bnc
_2rdacarrier
490 0 _aPearson custom library
490 0 _aAlways learning
504 _aIncludes bibliographical references and index.
650 7 _aCosmology.
_2BUEsh
_937498
653 _bENGGEN
_cApril2015
655 _vReading book
_934232
942 _2ddc
_cBB
999 _c19165
_d19137